Czyj to program? - Polski Stand-Up - Statystyki

Ogólne statystyki
  • Ten quiz został rozwiązany 103 razy
    79 od ostatniego zresetowania
  • Średni wynik to 12 z 27
Statystyki odpowiedzi
Hint Odpowiedź % Poprawnych
Zaczynam rozumieć; Bang; Puder do cery zimnej; Bang2 Rafał Pacześ
96%
Król piaskownicy; Nowe rozdanie Mateusz Socha
89%
Proteus Vulgaris; Ludzie trzymajcie kapelusze; Numer 3; Piniata Abelard Giza
84%
W punkt; Bang; Bałagan na strychu Łukasz Lodkowski
74%
Komik dookoła świata; Półczłowiek, półgłówek Piotr Szumowski
67%
Sierpień; Norma; Everyman Antoni Syrek-Dąbrowski
65%
Klamka zapadła; Flashback; Termin przydatności Grzegorz Dolniak
58%
Bez filtra; Winna Katarzyna Piasecka
58%
W związku z tym; Hihilista; W międzyczasie Mieszko Minkiewicz
58%
Oczy tygrysa; Nowe rozdanie; Dwa plus jeden; Granice wytrzymałości Piotr Szulowski
58%
Życie od kuchni Wiolka Walaszczyk
54%
Dystans krytyczny; Zespół HAJSpergera Aleksandra Szczęśniak
51%
To tylko żarty; EGO Paweł Chałupka
51%
Ostre żarty Sebastian Rejent
47%
Strach na wróble; Światło w tunelu; Sok z brzozy Adam van Bendler
46%
Wszystko pod kontrolą; Bezbek Michał Leja
44%
Nie o taką Polskę walczyłam Magda Kubicka
40%
Opcja jest tego typu; Nadwiślański świt Cezary Jurkiewicz
39%
Nic o komedii; Pełna alienacja; Klasyk; Infrastruktura kłamstwa Bartosz Zalewski
30%
Kryzys wieku młodego; Nowe rozdanie; Luźna gaducha Michał Kutek
26%
Burdel; Każdy ratuje siebie Maciej Brudzewski
23%
Rozgłos; Komedia pomyłek Błażej Krajewski
18%
Remanent; Należyta staranność Maciej Adamczyk
18%
Warto mieć wymówkę; Nie o różach, nie o bratkach Tomasz Kołecki
16%
Co?!; Stereotypy,monotypy,dolby surround-typy; Stary maleńki Damian Skóra
14%
Reset; Czarnol4s Karol Kopiec
9%
Taniec godowy Karol Modzelewski
7%
Nie znaleziono quizów pasujących do podanych kryteriów
Rozkład punktacji
Procent ludzi z każdym wynikiem
Percentyl według liczby udzielonych odpowiedzi
Twoja historia wyników
Nie rozwiązałeś tego quizu od ostatniego zresetowania